Récits et nouvelles
Збережено в:
| Автор: | |
|---|---|
| Формат: | Книга |
| Мова: | Undetermined |
| Опубліковано: |
París, Francia
Hachette
1978
|
| Предмети: | |
| Теги: |
Додати тег
Немає тегів, Будьте першим, хто поставить тег для цього запису!
|
MARC
| LEADER | 00000nam a2200000Ia 4500 | ||
|---|---|---|---|
| 008 | 170316s9999 xx 000 0 und d | ||
| 040 | |a cru BVZT | ||
| 090 | |a 840 G-14r | ||
| 100 | |a Goutternoire, Jacques | ||
| 245 | |a Récits et nouvelles | ||
| 260 | |a París, Francia | ||
| 260 | |b Hachette | ||
| 260 | |c 1978 | ||
| 300 | |a 246 páginas | ||
| 650 | |a LITERATURA FRANCESA | ||
| 999 | |c 7700 |d 7700 | ||
| 942 | |c 15 D |h 840 G-14r |2 z | ||
